The present state of Virginia / (Record no. 52405)

MARC details
000 -LEADER
fixed length control field 01021cam a22002891a 4500
001 - CONTROL NUMBER
control field rc 01002788
003 - CONTROL NUMBER IDENTIFIER
control field DLC
005 - DATE AND TIME OF LATEST TRANSACTION
control field 20260227111907.0
007 - PHYSICAL DESCRIPTION FIXED FIELD--GENERAL INFORMATION
fixed length control field cr_|||||||||||
008 - FIXED-LENGTH DATA ELEMENTS--GENERAL INFORMATION
fixed length control field 810306r18651724nyua 000 0 eng
010 ## - LIBRARY OF CONGRESS CONTROL NUMBER
LC control number rc 01002788
035 ## - SYSTEM CONTROL NUMBER
System control number (OCoLC)7200051
040 ## - CATALOGING SOURCE
Original cataloging agency DLC
Transcribing agency ViU
Modifying agency PPiU
-- DLC
043 ## - GEOGRAPHIC AREA CODE
Geographic area code n-us-va
050 00 - LIBRARY OF CONGRESS CALL NUMBER
Classification number F229
Item number .J78
100 1# - MAIN ENTRY--PERSONAL NAME
Personal name Jones, Hugh,
Dates associated with a name 1669-1760.
245 14 - TITLE STATEMENT
Title The present state of Virginia /
Statement of responsibility, etc. by Hugh Jones.
260 ## - PUBLICATION, DISTRIBUTION, ETC.
Place of publication, distribution, etc. New York :
Name of publisher, distributor, etc. Reprinted for Joseph Sabin,
Date of publication, distribution, etc. 1865.
300 ## - PHYSICAL DESCRIPTION
Extent 151 p. :
Other physical details ill. ;
Dimensions 22 cm.
440 #0 - SERIES STATEMENT/ADDED ENTRY--TITLE
Title Sabin's reprints ;
Volume/sequential designation no. 5
500 ## - GENERAL NOTE
General note "Two hundred copies printed. no. 63."
500 ## - GENERAL NOTE
General note Reprint of London edition of 1724, with facsimile of t.-p.
530 ## - ADDITIONAL PHYSICAL FORM AVAILABLE NOTE
Additional physical form available note Also available in digital form on the Internet Archive Web site.
651 #0 - SUBJECT ADDED ENTRY--GEOGRAPHIC NAME
Geographic name Virginia
General subdivision Description and travel
Form subdivision Early works to 1800.
650 #0 - SUBJECT ADDED ENTRY--TOPICAL TERM
Topical term or geographic name entry element Indians of North America
Geographic subdivision Virginia
Form subdivision Early works to 1800.
856 41 - ELECTRONIC LOCATION AND ACCESS
Uniform Resource Identifier <a href="http://hdl.loc.gov/loc.gdc/scd0001.00013514471">http://hdl.loc.gov/loc.gdc/scd0001.00013514471</a>

No items available.

Powered by Koha